[Event "Titled Tuesday intern op 16th Apr Early"]
[Site "Chess.com INT"]
[Date "2024.04.16"]
[Round "10"]
[White "Krawczyk, Flawian"]
[Black "Rohit, S3."]
[Result "0-1"]
[WhiteElo "2315"]
[BlackElo "2359"]
[PlyCount "102"]
[EventDate "2024.04.16"]
[EventType "swiss (blitz)"]
[EventRounds "11"]
[EventCountry "USA"]
[SourceTitle "CB17_2024"]
[SourceDate "2024.04.24"]
[SourceVersion "1"]
[SourceVersionDate "2024.04.24"]
[SourceQuality "1"]

1. d4 Nf6 2. c4 e6 3. Nf3 d5 4. g3 dxc4 5. Qa4+ Nbd7 6. Qxc4 a6 7. Qc2 b5 8. Bg2 Bb7 9. 0-0 Bd6 10. Nbd2 0-0 11. e4 e5 12. d5 c6 13. dxc6 Qc7 14. Nb3 Bxc6 15. Rd1 Bxe4 16. Qxc7 Bxc7 17. Bg5 Rfe8 18. Rac1 Bb6 19. Bxf6 Nxf6 20. Nc5 Bc6 21. Rd6 Bxc5 22. Rxc6 Ba7 23. Ng5 Ng4 24. Bd5 Bxf2+ 25. Kh1 Rf8 26. Rc7 Be3 27. Bxa8 Bxc1 28. Nxf7 Rxa8 29. Nd6 Bg5 30. Ne4 Bf6 31. h3 Ne3 32. Nc5 Rd8 33. Kg1 Rd1+ 34. Kf2 Nc4 35. b3 Nd6 36. Nxa6 Rd2+ 37. Ke3 Rxa2 38. Rd7 Nf5+ 39. Ke4 Rxa6 40. Kxf5 Ra3 41. Rd3 b4 42. g4 e4 43. Kxe4 Bc3 44. Rd8+ Kf7 45. Rd7+ Ke6 46. Rb7 Rxb3 47. h4 Rb1 48. h5 Rg1 49. Kf3 Kd5 50. h6 gxh6 51. Rxh7 b3 0-1

[Event "POL-ch U20"]
[Site "Chotowa"]
[Date "2023.10.30"]
[Round "8"]
[White "Kacprzak, Karol1"]
[Black "Krawczyk, Flawian"]
[Result "1/2-1/2"]
[WhiteElo "2317"]
[BlackElo "2288"]
[PlyCount "106"]
[EventDate "2023.10.24"]
[EventType "swiss"]
[EventRounds "9"]
[EventCountry "POL"]
[SourceTitle "Mega2024 Update 01"]
[Source "Chessbase"]
[SourceDate "2023.11.12"]
[SourceVersion "1"]
[SourceVersionDate "2023.11.12"]
[SourceQuality "1"]
[WhiteTeam "Poland"]
[BlackTeam "Poland"]
[WhiteTeamCountry "POL"]
[BlackTeamCountry "POL"]

1. e4 c6 2. Nf3 d5 3. Nc3 dxe4 4. Nxe4 Nf6 5. Qe2 Na6 6. Nxf6+ gxf6 7. d4 h5 8. Bd2 h4 9. h3 Bf5 10. 0-0-0 e6 11. Qe3 Qd5 12. Kb1 Nc7 13. Bd3 0-0-0 14. Bxf5 Qxf5 15. Qe2 Rd5 16. Be3 Rb5 17. Qd3 Qxd3 18. Rxd3 Rbh5 19. c4 Rg8 20. Rg1 Bh6 21. Bxh6 Rxh6 22. Re3 Rh5 23. Re4 Rf5 24. Rc1 Ne8 25. c5 Kd7 26. Rh1 Nc7 27. Rg4 Rh8 28. Re1 Rfh5 29. Nd2 Nd5 30. Nc4 f5 31. Rg7 R5h7 32. Rxh7 Rxh7 33. Ne5+ Ke7 34. Nd3 Rg7 35. Rg1 f4 36. Ne1 Nf6 37. Nf3 Ne4 38. Nxh4 Nxf2 39. Rf1 Nd3 40. Rf3 Ne1 41. Rf2 Rg3 42. b3 Kf6 43. Rxf4+ Kg5 44. Rxf7 Kxh4 45. Rxb7 Rxg2 46. Rxa7 Nf3 47. Rh7+ Kg3 48. Rg7+ Kxh3 49. Rxg2 Kxg2 50. Kc2 Nxd4+ 51. Kd3 Nb5 52. a4 Nc7 53. Ke4 Na6 1/2-1/2

[Event "Katowice POL-HUN 10th"]
[Site "Katowice"]
[Date "2023.09.10"]
[Round "9"]
[White "Krawczyk, Flawian"]
[Black "Terkiewicz, Bruno"]
[Result "1/2-1/2"]
[WhiteElo "2288"]
[BlackElo "1887"]
[PlyCount "105"]
[EventDate "2023.09.09"]
[EventType "swiss (rapid)"]
[EventRounds "9"]
[EventCountry "POL"]
[SourceTitle "EXT 2024"]
[Source "ChessBase"]
[SourceDate "2023.10.10"]
[SourceVersion "1"]
[SourceVersionDate "2023.10.10"]
[SourceQuality "1"]

1. e4 c5 2. Nf3 Nc6 3. Bb5 e5 4. 0-0 Bd6 5. c3 a6 6. Bc4 Nf6 7. d4 cxd4 8. cxd4 Nxd4 9. Nxd4 exd4 10. Qxd4 Qc7 11. h3 b5 12. Bb3 Bb7 13. Nc3 Bh2+ 14. Kh1 Be5 15. Qe3 0-0 16. Nd5 Nxd5 17. exd5 Rae8 18. Qd3 Qd6 19. Be3 Bxb2 20. Rad1 Bf6 21. a4 b4 22. Bc4 Rc8 23. a5 Rfe8 24. Bb6 Re5 25. f4 Ree8 26. Bxa6 Bxa6 27. Qxa6 b3 28. Qb5 b2 29. Qb3 Rc3 30. Qa2 Rec8 31. Qb1 Rc1 32. Rxc1 bxc1Q 33. Rxc1 Rb8 34. Qe4 h6 35. Qc4 Qa3 36. Re1 Qg3 37. Qe4 Qc3 38. Qe3 Qc4 39. Rd1 Qa4 40. Qf3 Rc8 41. d6 Rc3 42. Qa8+ Kh7 43. Rf1 Rc6 44. Qb7 Qb5 45. Rd1 Qb3 46. Re1 Rxd6 47. Qe4+ g6 48. Qe8 Rd1 49. Rxd1 Qxd1+ 50. Kh2 Kg7 51. a6 Qf1 52. Be3 Qxa6 53. Qxd7 1/2-1/2

[Event "POL-ch Rapid U18"]
[Site "Bydgoszcz"]
[Date "2023.08.29"]
[Round "4"]
[White "Sniadecki, Oskar"]
[Black "Krawczyk, Flawian"]
[Result "0-1"]
[WhiteElo "1829"]
[BlackElo "2015"]
[PlyCount "92"]
[EventDate "2023.08.28"]
[EventType "swiss"]
[EventRounds "11"]
[EventCountry "POL"]
[SourceTitle "EXT 2024"]
[Source "ChessBase"]
[SourceDate "2023.10.10"]
[SourceVersion "1"]
[SourceVersionDate "2023.10.10"]
[SourceQuality "1"]

1. d4 Nf6 2. Bg5 g6 3. Bxf6 exf6 4. e3 d5 5. g3 c6 6. Bg2 h5 7. Ne2 h4 8. Nd2 Bd6 9. c4 dxc4 10. Nxc4 Bc7 11. Qc2 Be6 12. Nf4 Bxf4 13. gxf4 Bd5 14. e4 Bxc4 15. Qxc4 Nd7 16. h3 Nb6 17. Qc3 Qd6 18. e5 Qe6 19. 0-0 f5 20. Qc5 Rd8 21. Rfd1 Nd5 22. Bxd5 Qxd5 23. Qxd5 Rxd5 24. Rd2 Ke7 25. Rad1 Rhd8 26. Kf1 c5 27. Ke2 cxd4 28. Kd3 Rc5 29. Rc2 Rxc2 30. Kxc2 Ke6 31. Kd3 Rc8 32. Re1 Kd5 33. Rd1 Rc6 34. Rg1 Rb6 35. Rb1 a5 36. f3 a4 37. b3 axb3 38. axb3 Rc6 39. Rb2 Rc3+ 40. Ke2 Kc5 41. Ra2 Re3+ 42. Kf2 Rxb3 43. Ra8 Rb2+ 44. Ke1 d3 45. Rd8 Kc4 46. Rd7 Kc3 0-1

[Event "Pardubice Czech op-A 34th"]
[Site "Pardubice"]
[Date "2023.07.22"]
[Round "2"]
[White "Kojima, Shinya"]
[Black "Krawczyk, Flawian"]
[Result "0-1"]
[WhiteElo "2335"]
[BlackElo "2053"]
[PlyCount "84"]
[EventDate "2023.07.21"]
[EventType "swiss"]
[EventRounds "9"]
[EventCountry "CZE"]
[SourceTitle "CBM 215 Extra"]
[Source "ChessBase"]
[SourceDate "2023.09.30"]
[SourceVersion "1"]
[SourceVersionDate "2023.09.30"]
[SourceQuality "1"]

1. Nf3 d5 2. d4 Nf6 3. c4 e6 4. Nc3 Bb4 5. Bg5 dxc4 6. e4 h6 7. Bxf6 Qxf6 8. Bxc4 c5 9. 0-0 0-0 10. e5 Qd8 11. Ne4 cxd4 12. Qe2 Nc6 13. Rfd1 a6 14. Bd3 Be7 15. Ng3 g6 16. a3 Kg7 17. Qe4 Rh8 18. h4 Bd7 19. Re1 Be8 20. Rad1 a5 21. Qg4 a4 22. h5 g5 23. Nd2 Ra5 24. f4 Kf8 25. Nc4 gxf4 26. Nxa5 Qxa5 27. Qxf4 Bg5 28. Qe4 Be3+ 29. Rxe3 dxe3 30. Qxe3 Qxe5 31. Qxe5 Nxe5 32. Be4 b5 33. Rd8 Ke7 34. Rb8 Rg8 35. Kf2 f5 36. Bc2 Rg4 37. Rb7+ Kf6 38. Rh7 Nf7 39. Bd3 Bc6 40. Be2 Rg5 41. Bf3 Bxf3 42. gxf3 e5 0-1

[Event "Bydgoszcz op-A"]
[Site "Bydgoszcz"]
[Date "2023.07.02"]
[Round "9"]
[White "Krawczyk, Flawian"]
[Black "Mulawa, Cyprian"]
[Result "0-1"]
[WhiteElo "1995"]
[BlackElo "2175"]
[PlyCount "102"]
[EventDate "2023.06.24"]
[EventType "swiss"]
[EventRounds "9"]
[EventCountry "POL"]
[SourceTitle "CBM 215 Extra"]
[Source "ChessBase"]
[SourceDate "2023.09.30"]
[SourceVersion "1"]
[SourceVersionDate "2023.09.30"]
[SourceQuality "1"]

1. d4 d5 2. c4 c6 3. Nf3 Nf6 4. Nc3 e6 5. e3 Nbd7 6. Qc2 Bd6 7. Bd3 0-0 8. 0-0 Qe7 9. e4 dxc4 10. Bxc4 e5 11. d5 Nb6 12. Qd3 Nxc4 13. Qxc4 b5 14. Qxc6 Bd7 15. Qa6 b4 16. Nb5 Bxb5 17. Qxb5 Nxe4 18. Re1 f5 19. Nd2 Nxd2 20. Bxd2 e4 21. f4 Qf6 22. b3 Rab8 23. Qe2 Qd4+ 24. Be3 Qxd5 25. Red1 Qe6 26. Qa6 Rbd8 27. Qxa7 Rd7 28. Qb6 Rfd8 29. Qc6 Kf7 30. Rac1 g5 31. g3 gxf4 32. gxf4 Rc7 33. Qa6 Bc5 34. Qe2 Bxe3+ 35. Qxe3 Rxc1 36. Rxc1 Rd3 37. Qa7+ Rd7 38. Rc7 Rxc7 39. Qxc7+ Kg6 40. Kf2 Qa6 41. Kg3 Qd3+ 42. Kg2 Qf3+ 43. Kg1 e3 44. Qc4 Qf2+ 45. Kh1 Kh5 46. h3 Kh4 47. Qf7 Qf1+ 48. Kh2 Qxh3+ 49. Kg1 Kg3 50. Qg7+ Qg4 51. Qb7 Qd1# 0-1